000 00283nam a2200121Ia 4500
008 191201s2012 xx 000 0 und d
100 _aPANDEY, P C
245 0 _aModern Machining Processes
250 _a45th Rep
260 _c2012
_bTMH
_aNEW DELHI
300 _a168
942 _2ddc
_cBK
999 _c8020
_d8020